[Event "BL 2425 FC St. Pauli - SG Solingen"]
[Site "?"]
[Date "2025.01.11"]
[Round "5.3"]
[White "Ragger, Markus"]
[Black "Christiansen, Johan-Sebastian"]
[Result "1/2-1/2"]
[ECO "A54"]
[WhiteElo "2580"]
[BlackElo "2664"]
[PlyCount "106"]
[EventDate "2025.??.??"]

1. d4 Nf6 2. c4 d6 3. Nc3 e5 4. Nf3 e4 5. Nd2 Bf5 6. Nb3 c6 7. Bg5 Nbd7 8. e3 Be7 9. Be2 h6 10. Bf4 O-O 11. d5 c5 12. Nd2 Re8 13. g4 Bg6 14. h4 Bf8 15. g5 hxg5 16. hxg5 Nh7 17. Bh5 Bf5 18. Bg4 Bg6 19. Bh5 Bf5 20. Rg1 Ne5 21. Bxe5 Rxe5 22. g6 fxg6 23. Bxg6 Bxg6 24. Rxg6 Nf6 25. Qe2 Qe8 26. Rg2 a6 27. O-O-O b5 28. Rh1 b4 29. Nd1 Rf5 30. Rgh2 a5 31. Nf1 a4 32. Ng3 Rg5 33. Rh8+ Kf7 34. R8h4 a3 35. b3 Qe5 36. Qc2 Re8 37. Rf4 Kg8 38. Kd2 Rg4 39. Rxg4 Nxg4 40. Qxe4 Qxe4 41. Nxe4 Rxe4 42. f3 Rxc4 43. Rh4 Be7 44. Rxg4 Rxg4 45. fxg4 Bh4 46. Kd3 Kf7 47. e4 Kf6 48. Ne3 Bg3 49. Ke2 Ke5 50. Kd3 Kf6 51. Ke2 Ke5 52. Kd3 Kf6 53. Ke2 Ke5 1/2-1/2

[Event "BL 2425 FC St. Pauli - SG Solingen"]
[Site "?"]
[Date "2025.01.11"]
[Round "5.4"]
[White "Bjerre, Jonas Buhl"]
[Black "Andersen, Mads"]
[Result "1-0"]
[ECO "C93"]
[WhiteElo "2640"]
[BlackElo "2594"]
[PlyCount "107"]
[EventDate "2025.??.??"]

1. e4 e5 2. Nf3 Nc6 3. Bb5 a6 4. Ba4 Nf6 5. O-O Be7 6. d3 b5 7. Bb3 d6 8. c3 O-O 9. h3 Bb7 10. Bc2 Re8 11. Re1 h6 12. Nbd2 Bf8 13. d4 Nb8 14. b3 Nbd7 15. Bb2 g6 16. a4 c6 17. Qb1 Qc7 18. c4 exd4 19. Bxd4 Bg7 20. axb5 axb5 21. cxb5 cxb5 22. Bd3 Bc6 23. Rxa8 Rxa8 24. Rc1 Qb7 25. b4 Ra6 26. Qb2 Nh5 27. Bxg7 Nxg7 28. Qd4 Qb8 29. Qe3 Kh7 30. Qf4 Qf8 31. Nd4 Ne5 32. Bf1 Bd7 33. Qe3 Qa8 34. Nxb5 Bxb5 35. Bxb5 Ra1 36. Rxa1 Qxa1+ 37. Bf1 g5 38. b5 Ne6 39. b6 Qb2 40. Nb3 Nd7 41. Bc4 Nec5 42. Bxf7 Nxb6 43. Nxc5 Qa1+ 44. Kh2 Qe5+ 45. g3 dxc5 46. Ba2 Nd7 47. Qb3 Qe8 48. Qb7 Kg6 49. Qc7 Qf8 50. Kg2 Qe8 51. Qd6+ Kg7 52. Be6 Nf6 53. Qc7+ Kh8 54. Bf5 1-0

[Event "BL 2425 FC St. Pauli - SG Solingen"]
[Site "?"]
[Date "2025.01.11"]
[Round "5.5"]
[White "Van Wely, Loek"]
[Black "Maurizzi, Marc`Andria"]
[Result "1/2-1/2"]
[ECO "E43"]
[WhiteElo "2614"]
[BlackElo "2579"]
[PlyCount "112"]
[EventDate "2025.??.??"]

1. d4 Nf6 2. c4 e6 3. Nc3 Bb4 4. Nf3 b6 5. e3 Bb7 6. Bd3 O-O 7. O-O c5 8. Na4 cxd4 9. a3 Be7 10. exd4 Bxf3 11. Qxf3 Nc6 12. Be3 e5 13. d5 e4 14. Bxe4 Ne5 15. Qf4 Bd6 16. c5 Ng6 17. Qf3 Nh4 18. Qh3 Nxe4 19. cxd6 Ng6 20. Nc3 Nxd6 21. Rfe1 Re8 22. a4 Qf6 23. Qg4 Ne5 24. Qg5 Qxg5 25. Bxg5 Nd3 26. Re7 Rad8 27. Nb5 Nf5 28. Rxe8+ Rxe8 29. Nxa7 h6 30. Bd2 Re2 31. Bc3 Rc2 32. Rb1 Nxf2 33. Nb5 Ne4 34. Nd4 Nxd4 35. Bxd4 Rc4 36. Bxb6 Rxa4 37. Rd1 Rb4 38. Bd4 Rb5 39. Bc3 Nxc3 40. bxc3 Rc5 41. Rd3 Kf8 42. d6 f6 43. Kf2 Kf7 44. h4 Ke6 45. g4 Rd5 46. Re3+ Kxd6 47. Re8 Re5 48. Rg8 Re7 49. Kf3 Ke5 50. Rc8 d6 51. c4 Rb7 52. Re8+ Kd4 53. Rd8 Kc5 54. Rc8+ Kd4 55. Rd8 Kc5 56. Rc8+ Kd4 1/2-1/2

[Event "BL 2425 FC St. Pauli - SG Solingen"]
[Site "?"]
[Date "2025.01.11"]
[Round "5.6"]
[White "Socko, Bartosz"]
[Black "Ganguly, Surya Shekhar"]
[Result "1-0"]
[ECO "C45"]
[WhiteElo "2553"]
[BlackElo "2578"]
[PlyCount "113"]
[EventDate "2025.??.??"]

1. e4 e5 2. Nf3 Nc6 3. d4 exd4 4. Nxd4 Bc5 5. Nb3 Bb6 6. Nc3 d6 7. Qe2 a5 8. a4 Nge7 9. Be3 Bxe3 10. Qxe3 O-O 11. Bc4 Nb4 12. O-O-O Be6 13. Bxe6 fxe6 14. f4 Qe8 15. Nb5 Nc8 16. N3d4 Rf7 17. f5 exf5 18. Qb3 Na6 19. Ne6 Qe7 20. exf5 c6 21. Rhe1 cxb5 22. axb5 a4 23. Qc3 a3 24. bxa3 Nc5 25. Nxc5 Qg5+ 26. Kb1 Na7 27. Ne4 Qxf5 28. a4 Nxb5 29. axb5 Qxb5+ 30. Qb3 Qa5 31. Kb2 Qe5+ 32. Nc3 Qxh2 33. Re7 Qf4 34. Rxd6 Kh8 35. Rxf7 Qxd6 36. Rxb7 h6 37. Qb4 Qg3 38. Qe4 Qf2 39. Qg6 Qf8 40. Rb3 Qf1 41. Nb1 Qf4 42. Qc6 Qd4+ 43. Qc3 Qd5 44. Qc7 Qd4+ 45. Nc3 Kh7 46. Rb8 Ra4 47. Kb3 Ra6 48. Rh8+ Kg6 49. Qg3+ Kf7 50. Qf3+ Kg6 51. Qd3+ Qxd3 52. cxd3 Kf5 53. d4 Kf4 54. d5 Kg3 55. d6 Ra7 56. Ne4+ Kxg2 57. Nc5 1-0

[Event "BL 2425 FC St. Pauli - SG Solingen"]
[Site "?"]
[Date "2025.01.11"]
[Round "5.7"]
[White "Krastev, Alexander"]
[Black "Nielsen, Peter Heine"]
[Result "0-1"]
[ECO "B06"]
[WhiteElo "2431"]
[BlackElo "2618"]
[PlyCount "54"]
[EventDate "2025.??.??"]

1. e4 c5 2. Nf3 g6 3. c3 d5 4. exd5 Qxd5 5. d4 Bg7 6. Nbd2 cxd4 7. Bc4 Qd8 8. Nxd4 Nf6 9. O-O O-O 10. N2f3 Qc7 11. Qe2 Nc6 12. Nxc6 bxc6 13. Re1 e6 14. Ne5 Nd5 15. h4 c5 16. h5 Bb7 17. h6 Bh8 18. Bb3 Rad8 19. c4 Ne7 20. Bf4 Rd4 21. Bh2 Qd8 22. Rad1 Nf5 23. Ng4 Qh4 24. Rxd4 Nxd4 25. Qd1 f5 26. Ne5 Qg5 27. f3 Bxe5 0-1

[Event "BL 2425 SV Werder Bremen - Düsseldorfer"]
[Site "?"]
[Date "2025.01.11"]
[Round "5.2"]
[White "McShane, Luke J"]
[Black "Giri, Anish"]
[Result "1/2-1/2"]
[ECO "B51"]
[WhiteElo "2609"]
[BlackElo "2731"]
[PlyCount "116"]
[EventDate "2025.??.??"]

1. e4 c5 2. Nf3 d6 3. Bb5+ Nd7 4. d4 cxd4 5. Qxd4 a6 6. Be2 Ngf6 7. O-O e5 8. Qe3 Nc5 9. Nfd2 h5 10. a4 g6 11. a5 Bh6 12. Qa3 O-O 13. Nc3 Be6 14. Rd1 Qc7 15. Nc4 Bxc1 16. Raxc1 Ncxe4 17. Nxe4 Nxe4 18. Nxd6 Nxd6 19. Qxd6 Qxa5 20. Ra1 Qd8 21. Qxe5 Qe7 22. Bc4 Rfe8 23. Bxe6 Qxe6 24. Qxe6 Rxe6 25. Rd2 Rc8 26. g3 Rc5 27. Kg2 Kg7 28. h4 Rb6 29. c3 Rcb5 30. Ra2 Rb3 31. Kf3 Re6 32. Ra4 Reb6 33. Ra2 Kf6 34. Re2 R6b5 35. Rd2 Kf5 36. Re2 f6 37. Kg2 g5 38. hxg5 fxg5 39. f3 a5 40. Kf2 b6 41. Kf1 g4 42. Kf2 Kg5 43. fxg4 hxg4 44. Kg2 Kf5 45. Kf2 Re5 46. Rd2 Kg5 47. Kg2 Reb5 48. Rf2 Rf5 49. Re2 Rbb5 50. Ra4 Rbe5 51. Rd2 Rd5 52. Re2 Rde5 53. Rd2 Re1 54. Rad4 Rfe5 55. Kf2 Rh1 56. Kg2 Rhe1 57. Kf2 Rh1 58. Kg2 Rhe1 1/2-1/2

[Event "BL 2425 SV Werder Bremen - Düsseldorfer"]
[Site "?"]
[Date "2025.01.11"]
[Round "5.3"]
[White "Sindarov, Javokhir"]
[Black "Areshchenko, Alexander"]
[Result "1-0"]
[ECO "D85"]
[WhiteElo "2692"]
[BlackElo "2606"]
[PlyCount "105"]
[EventDate "2025.??.??"]

1. d4 Nf6 2. c4 g6 3. Nc3 d5 4. cxd5 Nxd5 5. e4 Nxc3 6. bxc3 Bg7 7. Nf3 c5 8. Bb5+ Nc6 9. O-O O-O 10. Bxc6 bxc6 11. Qc2 cxd4 12. cxd4 Bg4 13. Ne5 Qxd4 14. Bb2 Qb6 15. Rab1 Bxe5 16. Bxe5 Qa5 17. Bc3 Qc5 18. h3 Be6 19. Kh2 Rab8 20. Rbc1 f6 21. f4 Bf7 22. Rf3 Qc4 23. f5 Qxa2 24. Qd1 g5 25. Rg3 Qf2 26. Rf3 Qb6 27. Qe1 Qc7+ 28. Rg3 Qf4 29. Rc2 Rb3 30. Rf2 Qb8 31. e5 Rd8 32. Rd2 Rd5 33. Rxd5 Bxd5 34. h4 h6 35. Qe2 Bf7 36. Qf3 Qb6 37. hxg5 hxg5 38. Qg4 Qf2 39. e6 Be8 40. Rd3 Rb1 41. Rd8 Kf8 42. Qd4 Qxd4 43. Rxd4 Rc1 44. Bd2 Ra1 45. Be3 a5 46. Rd3 a4 47. Bc5 Rc1 48. Ba3 Rc2 49. Rh3 Kg7 50. Bxe7 c5 51. Rd3 Bc6 52. Rd7 Rxg2+ 53. Kh3 1-0

[Event "BL 2425 SV Werder Bremen - Düsseldorfer"]
[Site "?"]
[Date "2025.01.11"]
[Round "5.4"]
[White "Efimenko, Zahar"]
[Black "Van Foreest, Jorden"]
[Result "0-1"]
[ECO "C84"]
[WhiteElo "2563"]
[BlackElo "2680"]
[PlyCount "98"]
[EventDate "2025.??.??"]

1. e4 e5 2. Nf3 Nc6 3. Bb5 a6 4. Ba4 Nf6 5. O-O Be7 6. d3 b5 7. Bb3 d6 8. a4 Bd7 9. Be3 O-O 10. axb5 axb5 11. Nc3 Rxa1 12. Qxa1 Nb4 13. Na2 Nc6 14. Nc3 Nb4 15. Qa5 c5 16. Ra1 Qxa5 17. Rxa5 Rb8 18. Bg5 Bd8 19. Ra1 Be6 20. Bxe6 fxe6 21. Ne1 Nc6 22. Ne2 Kf7 23. h3 Ke8 24. Be3 Kd7 25. f4 exf4 26. Nxf4 g5 27. Ne2 g4 28. h4 Nh5 29. Bf2 Bf6 30. Ra2 Kc7 31. g3 Bg7 32. b3 Kb7 33. c3 b4 34. cxb4 Nxb4 35. Ra4 Nc6 36. Nc2 Kc7 37. d4 cxd4 38. Ncxd4 Bxd4 39. Nxd4 Nxd4 40. Rxd4 e5 41. Rc4+ Kd7 42. Ra4 Nf6 43. b4 Nxe4 44. b5 d5 45. Rb4 Nxf2 46. Kxf2 h5 47. Rb1 Rb6 48. Ke2 Kd6 49. Kd2 d4 0-1

[Event "BL 2425 SV Werder Bremen - Düsseldorfer"]
[Site "?"]
[Date "2025.01.11"]
[Round "5.5"]
[White "Esipenko, Andrey"]
[Black "Van Foreest, Lucas"]
[Result "1/2-1/2"]
[ECO "C55"]
[WhiteElo "2699"]
[BlackElo "2526"]
[PlyCount "65"]
[EventDate "2025.??.??"]

1. e4 e5 2. Nf3 Nc6 3. Bc4 Nf6 4. Nc3 Nxe4 5. Nxe4 d5 6. Bd3 Nb4 7. Nc3 e4 8. Bxe4 dxe4 9. Nxe4 Bf5 10. d3 Bxe4 11. dxe4 Qxd1+ 12. Kxd1 Bc5 13. a3 O-O-O+ 14. Nd2 Nc6 15. f3 Be3 16. c3 Rxd2+ 17. Bxd2 Rd8 18. Ke2 Bxd2 19. Rad1 Bf4 20. Rxd8+ Kxd8 21. g3 Bd6 22. f4 f6 23. b4 Ke7 24. h4 Nd8 25. Rb1 c6 26. a4 Bc7 27. a5 Nf7 28. Kd3 Ke6 29. h5 Ke7 30. Rb2 Ke6 31. Rb1 Ke7 32. Rb2 Ke6 33. Rb1 1/2-1/2

[Event "BL 2425 SV Werder Bremen - Düsseldorfer"]
[Site "?"]
[Date "2025.01.11"]
[Round "5.8"]
[White "Wachinger, Nikolas"]
[Black "Bologan, Victor"]
[Result "0-1"]
[ECO "C70"]
[WhiteElo "2441"]
[BlackElo "2603"]
[PlyCount "60"]
[EventDate "2025.??.??"]

1. e4 e5 2. Nf3 Nc6 3. Bb5 a6 4. Ba4 b5 5. Bb3 Na5 6. O-O d6 7. d4 exd4 8. Nxd4 Bb7 9. Bd2 Nxb3 10. Nxb3 Nf6 11. Na5 Qc8 12. Re1 Be7 13. c4 O-O 14. Nc3 Re8 15. Qb3 Rb8 16. a4 bxc4 17. Qxc4 Ba8 18. b4 c6 19. Rab1 d5 20. exd5 cxd5 21. Qd4 Bd6 22. h3 Rxe1+ 23. Bxe1 Qe8 24. b5 Be5 25. Qc5 Rc8 26. Qb4 d4 27. Ne2 d3 28. Ng3 Bxg3 29. fxg3 Rc2 30. Nc6 Qe2 0-1

[Event "BL 2425 OSG Baden-Baden - SC Viernheim"]
[Site "?"]
[Date "2025.01.11"]
[Round "5.1"]
[White "Abdusattorov, Nodirbek"]
[Black "Firouzja, Alireza"]
[Result "1/2-1/2"]
[ECO "B44"]
[WhiteElo "2768"]
[BlackElo "2763"]
[PlyCount "81"]
[EventDate "2025.??.??"]

1. c4 Nf6 2. Nc3 c5 3. Nf3 e6 4. e4 Nc6 5. d4 cxd4 6. Nxd4 Bb4 7. Nxc6 bxc6 8. Bd3 e5 9. O-O O-O 10. h3 Re8 11. Qc2 h6 12. Be3 d6 13. Na4 c5 14. a3 Ba5 15. Rab1 Rb8 16. Rfd1 Bd7 17. Nc3 a6 18. Ne2 Nh7 19. Ng3 Ng5 20. Be2 Ne6 21. Rxd6 Qc7 22. Rd3 Nd4 23. Qd1 Be6 24. Bxd4 exd4 25. Nh5 Re7 26. Rg3 f5 27. exf5 Bxf5 28. Nf6+ Kh8 29. Nd5 Bxb1 30. Nxc7 Bxc7 31. Rf3 Bg6 32. Bf1 Rbe8 33. Qd2 Kg8 34. Rb3 Re1 35. Rb7 Be5 36. g3 Bf6 37. Rb3 d3 38. Kg2 Be4+ 39. Kg1 Bg6 40. Kg2 Be4+ 41. Kg1 1/2-1/2

[Event "BL 2425 OSG Baden-Baden - SC Viernheim"]
[Site "?"]
[Date "2025.01.11"]
[Round "5.4"]
[White "Vachier-Lagrave, Maxime"]
[Black "Maghsoodloo, Parham"]
[Result "1/2-1/2"]
[ECO "C78"]
[WhiteElo "2733"]
[BlackElo "2674"]
[PlyCount "57"]
[EventDate "2025.??.??"]

1. e4 e5 2. Nf3 Nc6 3. Bb5 a6 4. Ba4 Nf6 5. O-O Bc5 6. c3 b5 7. Bb3 d6 8. d4 Bb6 9. a4 Bb7 10. Re1 h6 11. Be3 exd4 12. cxd4 Na5 13. Ba2 O-O 14. d5 Bxe3 15. Rxe3 c6 16. b4 Nc4 17. Bxc4 bxc4 18. Nc3 cxd5 19. exd5 a5 20. Rb1 axb4 21. Rxb4 Qc7 22. Qd4 Rab8 23. Qxc4 Qxc4 24. Rxc4 Nxd5 25. Nxd5 Bxd5 26. Rd4 Bxf3 27. gxf3 Rb1+ 28. Kg2 Ra1 29. Rxd6 1/2-1/2

[Event "BL 2425 OSG Baden-Baden - SC Viernheim"]
[Site "?"]
[Date "2025.01.11"]
[Round "5.5"]
[White "Sarana, Alexey"]
[Black "Rapport, Richard"]
[Result "1/2-1/2"]
[ECO "D80"]
[WhiteElo "2677"]
[BlackElo "2721"]
[PlyCount "44"]
[EventDate "2025.??.??"]

1. d4 Nf6 2. c4 g6 3. Nc3 d5 4. e3 Bg7 5. Qa4+ c6 6. cxd5 Nxd5 7. Nf3 O-O 8. Be2 Bf5 9. O-O Nd7 10. Nxd5 cxd5 11. Qb3 Nb6 12. Bd2 Bg4 13. Rfc1 Bxf3 14. Bxf3 Qd7 15. Be2 Rfc8 16. Ba5 Qe6 17. Qb5 Qd7 18. Qb3 Qe6 19. h3 h5 20. Qb5 Qd7 21. Qb4 Nc4 22. b3 Nxa5 1/2-1/2

[Event "BL 2425 OSG Baden-Baden - SC Viernheim"]
[Site "?"]
[Date "2025.01.11"]
[Round "5.6"]
[White "Svidler, Peter"]
[Black "Aravindh, Chithambaram VR."]
[Result "1/2-1/2"]
[ECO "B45"]
[WhiteElo "2698"]
[BlackElo "2726"]
[PlyCount "194"]
[EventDate "2025.??.??"]

1. e4 c5 2. Nf3 e6 3. d4 cxd4 4. Nxd4 Nf6 5. Nc3 Nc6 6. a3 Be7 7. Nxc6 bxc6 8. e5 Nd5 9. Qg4 g6 10. Qg3 d6 11. Ne4 dxe5 12. h4 f5 13. Qxe5 Rg8 14. Ng5 Bf6 15. Qe2 Rg7 16. c4 Nb6 17. Nf3 e5 18. h5 g5 19. h6 Rf7 20. g4 e4 21. Nd2 Re7 22. Bg2 Qd4 23. O-O Kf7 24. Rd1 Kg6 25. a4 e3 26. fxe3 Rxe3 27. Nf3 Rxe2+ 28. Nxd4 Rxg2+ 29. Kxg2 f4 30. Kh3 Kxh6 31. Nxc6 Kg7 32. a5 Nxc4 33. Ra4 h5 34. Kg2 Bxg4 35. Rd5 Be6 36. Rc5 Nd6 37. Nd4 Bg4 38. Nf3 Rc8 39. Rxc8 Bxc8 40. Nxg5 Bxg5 41. Bxf4 Be7 42. Rb4 Kf7 43. Rb8 Bb7+ 44. Kh3 Bc6 45. Rh8 Bd7+ 46. Kg2 Bc6+ 47. Kh3 h4 48. Rh7+ Ke8 49. Rh6 Bd7+ 50. Kh2 Nb5 51. Rh8+ Kf7 52. a6 Bf6 53. Rh7+ Ke8 54. Rh6 Ke7 55. Rh7+ Ke6 56. Bb8 Bg5 57. b3 Bf6 58. Kg2 Bc6+ 59. Kh3 Be7 60. Rh6+ Kd7 61. Rh7 Bd5 62. Rh5 Bc6 63. Bf4 Ke6 64. Bg5 Bxg5 65. Rxg5 Nd4 66. Rg6+ Kd5 67. Rg7 Nb5 68. Kxh4 Kc5 69. Kg3 Kb6 70. Kf2 Nd4 71. Rg4 Ne6 72. Ke3 Nc5 73. b4 Nxa6 74. Kd2 Nc7 75. Rg5 Bd5 76. Kc3 a6 77. Rg7 Nb5+ 78. Kb2 Nd4 79. Rg4 Nb5 80. Rg6+ Bc6 81. Rg5 Nd4 82. Kc3 Ne6 83. Re5 Nc7 84. Rg5 Nb5+ 85. Kb2 Nd6 86. Rh5 Kc7 87. Rh7+ Kb6 88. Rh5 Nf7 89. Rf5 Nd8 90. Kc3 Ne6 91. Re5 Nf4 92. Rf5 Ne2+ 93. Kd3 Be4+ 94. Kxe2 Bxf5 95. Kd2 Kb5 96. Kc3 a5 97. bxa5 Kxa5 1/2-1/2

[Event "BL 2425 OSG Baden-Baden - SC Viernheim"]
[Site "?"]
[Date "2025.01.11"]
[Round "5.7"]
[White "Anton Guijarro, David"]
[Black "Kasimdzhanov, Rustam"]
[Result "1-0"]
[ECO "B07"]
[WhiteElo "2664"]
[BlackElo "2683"]
[PlyCount "133"]
[EventDate "2025.??.??"]

1. e4 d6 2. d4 Nf6 3. f3 e5 4. dxe5 dxe5 5. Qxd8+ Kxd8 6. Nd2 Be6 7. Bc4 Bxc4 8. Nxc4 Nfd7 9. Bd2 Nc6 10. O-O-O Kc8 11. Ne2 Nb6 12. Ne3 Bc5 13. b3 h5 14. h4 g6 15. a4 a5 16. g4 Nd4 17. Nxd4 exd4 18. Ng2 hxg4 19. fxg4 Nd7 20. h5 gxh5 21. gxh5 Nf6 22. e5 Ne4 23. Rh4 Nxd2 24. Kxd2 Ra6 25. Rf1 Be7 26. Rh2 f6 27. exf6 Bxf6 28. Rf5 Bg7 29. Nf4 Bh6 30. Kd3 Bxf4 31. Rxf4 Rah6 32. Rf5 b6 33. Kxd4 Rg8 34. Ke3 Rg1 35. Kf2 Rg4 36. Rh1 Kb7 37. Kf3 Rg7 38. c3 Rg8 39. Kf4 Rg2 40. Rg5 Rf2+ 41. Ke3 Rff6 42. b4 Rc6 43. Kd4 axb4 44. cxb4 Rce6 45. b5 Rh7 46. Re5 Reh6 47. Ke4 Rf7 48. Rf5 Rg7 49. Kf4 Rg2 50. Rg5 Rf2+ 51. Kg3 Rff6 52. Rg7 Rf8 53. Rg6 Rh7 54. h6 Rf5 55. Kg4 Rf2 56. Rh3 Rf1 57. Rh2 Ka7 58. Kg5 Kb7 59. Rh4 Rf2 60. Rh1 Rf3 61. Rf6 Rg3+ 62. Kh5 Re7 63. Rf5 Rh7 64. Rg5 Rf3 65. Rg7 Rh8 66. h7 Rf4 67. Rc1 1-0

[Event "BL 2425 OSG Baden-Baden - SC Viernheim"]
[Site "?"]
[Date "2025.01.11"]
[Round "5.8"]
[White "Deac, Bogdan-Daniel"]
[Black "Korobov, Anton"]
[Result "1/2-1/2"]
[ECO "D35"]
[WhiteElo "2696"]
[BlackElo "2627"]
[PlyCount "197"]
[EventDate "2025.??.??"]

1. d4 d5 2. c4 e6 3. Nf3 Nf6 4. Nc3 Nbd7 5. Qc2 Be7 6. cxd5 exd5 7. Bf4 c6 8. h3 Nf8 9. e3 Ng6 10. Bh2 Bd6 11. Bd3 Bxh2 12. Nxh2 O-O 13. O-O Re8 14. Rfe1 Qd6 15. f3 Bd7 16. Rad1 Rac8 17. Qf2 c5 18. dxc5 Qxc5 19. Bxg6 hxg6 20. Rd4 g5 21. Red1 Re5 22. Qd2 Rce8 23. Nf1 Bb5 24. Nxb5 Qxb5 25. Rc1 a5 26. Rc3 R5e6 27. Rb3 Qa6 28. Ra3 b6 29. Rc3 Qb7 30. Qc2 Qe7 31. Kf2 g6 32. Qd2 Qf8 33. Qc1 Qd6 34. Kg1 Qe7 35. Rc2 Qf8 36. Rd3 Qe7 37. Qd2 Rd6 38. Qc3 Nd7 39. Rcd2 Qe6 40. e4 Nf6 41. Qb3 Red8 42. Ne3 a4 43. Qd1 b5 44. Nxd5 Nxd5 45. Rxd5 Rxd5 46. Rxd5 Qb6+ 47. Kh1 Rc8 48. Qd4 Qc7 49. Qe5 Qc1+ 50. Kh2 b4 51. Ra5 a3 52. bxa3 bxa3 53. Qd6 g4 54. fxg4 Qb1 55. Qd7 Qb8+ 56. e5 Rd8 57. Qe7 Re8 58. Qxa3 Qc7 59. Qc5 Qb7 60. Qb5 Qc8 61. Ra7 Qe6 62. Ra6 Qxe5+ 63. Qxe5 Rxe5 64. a4 g5 65. Rb6 Re4 66. Rb5 Rxa4 67. Rxg5+ Kh7 68. h4 Ra3 69. Rf5 Kg7 70. g5 Kg6 71. Rf4 Rb3 72. g3 Rb2+ 73. Kh3 Rb5 74. Rf6+ Kg7 75. Kg4 Rb4+ 76. Rf4 Rb3 77. h5 Ra3 78. Kh4 Ra1 79. h6+ Kg8 80. g6 fxg6 81. Kg5 Ra7 82. Rb4 Kh7 83. Rb5 Rc7 84. g4 Ra7 85. Rc5 Rb7 86. Re5 Ra7 87. Re8 Ra5+ 88. Kf6 Ra6+ 89. Re6 Rxe6+ 90. Kxe6 Kxh6 91. Kf6 g5 92. Kf5 Kh7 93. Kxg5 Kg7 94. Kf5 Kf7 95. g5 Kg7 96. g6 Kg8 97. Kf6 Kf8 98. g7+ Kg8 99. Kg6 1/2-1/2

[Event "BL 2425 Schachfreunde Deizisau - SC Heim"]
[Site "?"]
[Date "2025.01.11"]
[Round "5.1"]
[White "Livaic, Leon"]
[Black "Kollars, Dmitrij"]
[Result "1/2-1/2"]
[ECO "E04"]
[WhiteElo "2557"]
[BlackElo "2642"]
[PlyCount "133"]
[EventDate "2025.??.??"]

1. d4 Nf6 2. c4 e6 3. Nf3 d5 4. g3 dxc4 5. Bg2 Nc6 6. Qa4 Bb4+ 7. Bd2 Nd5 8. Bxb4 Ndxb4 9. a3 b5 10. Qxb5 Nc2+ 11. Kd2 Nxa1 12. Qxc6+ Bd7 13. Qxc4 c5 14. Qa2 cxd4 15. Rc1 O-O 16. Qxa1 e5 17. Ke1 Qf6 18. Nbd2 Rac8 19. b3 Rxc1+ 20. Qxc1 Rc8 21. Nc4 Be6 22. Qb2 Rc5 23. Nfxe5 Rxe5 24. Nxe5 Qxe5 25. e3 g6 26. Qxd4 Qa5+ 27. Qb4 Qe5 28. Bf3 h5 29. Bd1 Qa1 30. Kd2 Qf6 31. f4 Qb2+ 32. Bc2 Qa1 33. Qb8+ Kh7 34. Qxa7 Qg1 35. Qc5 Qxh2+ 36. Kc3 Kg8 37. Qg5 Kf8 38. e4 Qh1 39. f5 Qa1+ 40. Kd2 Qd4+ 41. Ke2 gxf5 42. exf5 Bc8 43. Qe3 Ba6+ 44. Kf2 Qf6 45. Qc5+ Kg8 46. Ke1 Qg5 47. Qe5 Qc1+ 48. Bd1 Qxa3 49. f6 Qb4+ 50. Kf2 Qb6+ 51. Kg2 Qc6+ 52. Kh2 Bd3 53. Qg5+ Bg6 54. Bxh5 Qc2+ 55. Kh3 Qe4 56. Kh2 Qc2+ 57. Kg1 Qb1+ 58. Kf2 Qc2+ 59. Be2 Qxb3 60. Qe3 Qxe3+ 61. Kxe3 Bc2 62. Kf4 Kf8 63. g4 Bb3 64. g5 Bd5 65. Bd3 Bb3 66. g6 fxg6 67. Bxg6 1/2-1/2

[Event "BL 2425 Schachfreunde Deizisau - SC Heim"]
[Site "?"]
[Date "2025.01.11"]
[Round "5.2"]
[White "Bluebaum, Matthias"]
[Black "Kraemer, Martin"]
[Result "1/2-1/2"]
[ECO "D27"]
[WhiteElo "2643"]
[BlackElo "2579"]
[PlyCount "168"]
[EventDate "2025.??.??"]

1. d4 d5 2. Nf3 Nf6 3. c4 dxc4 4. e3 e6 5. Bxc4 c5 6. O-O a6 7. Re1 Be7 8. Bd3 cxd4 9. exd4 Nc6 10. Nc3 O-O 11. Bg5 h6 12. Bf4 Nb4 13. Bb1 Nbd5 14. Nxd5 exd5 15. Qb3 Bd6 16. Be5 Re8 17. Bc2 Bg4 18. h3 Bxf3 19. Qxf3 Bxe5 20. dxe5 Qa5 21. Bf5 Ne4 22. Bxe4 dxe4 23. Qxe4 Rad8 24. Re2 Qd5 25. Qxd5 Rxd5 26. Rae1 Rc8 27. f4 Kf8 28. Kf2 Ke7 29. f5 g6 30. g4 gxf5 31. gxf5 f6 32. Kf3 Rcc5 33. exf6+ Kxf6 34. Re6+ Kxf5 35. Rxh6 Kg5 36. Ree6 Rf5+ 37. Kg3 Rf7 38. h4+ Kf5 39. Re1 Rg7+ 40. Kf3 Rc4 41. Rh5+ Kf6 42. Re4 Rc2 43. Rh6+ Kf7 44. Rb4 Kg8 45. Rhb6 Rf7+ 46. Kg3 Rcc7 47. Rf4 Rfe7 48. Kg4 Rc1 49. Rg6+ Kh7 50. Kh5 Rc5+ 51. Rg5 Rc6 52. Rgf5 Kg7 53. Kg4 Rc2 54. Rf2 Rc4+ 55. Kg5 Rc1 56. Rg2 Rc6 57. h5 Kh7 58. Rgf2 Rg7+ 59. Kf4 Kh6 60. b3 Re6 61. Rf8 Kh7 62. Rd2 Rge7 63. Kg5 Re5+ 64. Rf5 Re1 65. Rfd5 Rg1+ 66. Kf6 Rgg7 67. Rd8 Rgf7+ 68. Kg5 Re5+ 69. Kg4 Rg7+ 70. Kf4 Rxh5 71. R8d7 Rb5 72. Ke4 Rxd7 73. Rxd7+ Kg6 74. Kd4 Kf6 75. Kc4 Ke6 76. Rh7 Kd6 77. b4 Kc6 78. Rh6+ Kc7 79. Rh7+ Kc6 80. a4 Rg5 81. Rh6+ Kc7 82. Rh7+ Kc6 83. Rh6+ Kc7 84. Rh7+ Kc6 1/2-1/2

[Event "BL 2425 Schachfreunde Deizisau - SC Heim"]
[Site "?"]
[Date "2025.01.11"]
[Round "5.3"]
[White "Lodici, Lorenzo"]
[Black "Dardha, Daniel"]
[Result "0-1"]
[ECO "B33"]
[WhiteElo "2574"]
[BlackElo "2645"]
[PlyCount "76"]
[EventDate "2025.??.??"]

1. e4 c5 2. Nf3 Nc6 3. d4 cxd4 4. Nxd4 Nf6 5. Nc3 e5 6. Ndb5 d6 7. Bg5 a6 8. Na3 b5 9. Nd5 Be7 10. Bxf6 Bxf6 11. c4 b4 12. Nc2 O-O 13. Qf3 Bg5 14. h4 Bh6 15. g4 Bf4 16. Be2 Be6 17. Nxf4 exf4 18. Qxf4 Ne5 19. b3 Bxg4 20. Ne3 f5 21. exf5 Qe8 22. Rd1 Rxf5 23. Qe4 Bxe2 24. Qxf5 Bxd1 25. Kxd1 a5 26. f4 Ng6 27. h5 Ne7 28. Qe4 Ra7 29. h6 Qg6 30. f5 Qf6 31. hxg7 Kxg7 32. Ke2 a4 33. bxa4 Rxa4 34. Rg1+ Kf8 35. Kf3 Ra3 36. Rf1 Nxf5 37. Kg4 Nxe3+ 38. Qxe3 Qxf1 0-1

[Event "BL 2425 Schachfreunde Deizisau - SC Heim"]
[Site "?"]
[Date "2025.01.11"]
[Round "5.4"]
[White "Gledura, Benjamin"]
[Black "Nasuta, Grzegorz"]
[Result "1-0"]
[ECO "B13"]
[WhiteElo "2661"]
[BlackElo "2497"]
[PlyCount "59"]
[EventDate "2025.??.??"]

1. c4 c6 2. e4 d5 3. exd5 cxd5 4. d4 Nf6 5. Nc3 Nc6 6. Nf3 Bg4 7. cxd5 Nxd5 8. Qb3 Bxf3 9. gxf3 e6 10. Qxb7 Nxd4 11. Bb5+ Nxb5 12. Qc6+ Ke7 13. Qc5+ Nd6 14. Nxd5+ exd5 15. O-O Qc8 16. Qxd5 Qb7 17. Qh5 Kd7 18. Rd1 Re8 19. Bf4 g6 20. Qa5 Re6 21. Rac1 g5 22. Bg3 Rg8 23. Qa4+ Ke7 24. Rc6 Ne8 25. Qd4 Qa8 26. Qd7+ Kf6 27. Be5+ Kxe5 28. Rxe6+ fxe6 29. Re1+ Kf4 30. Qf7+ 1-0

[Event "BL 2425 Schachfreunde Deizisau - SC Heim"]
[Site "?"]
[Date "2025.01.11"]
[Round "5.5"]
[White "Zilka, Stepan"]
[Black "Kamsky, Gata"]
[Result "1-0"]
[ECO "C67"]
[WhiteElo "2525"]
[BlackElo "2611"]
[PlyCount "121"]
[EventDate "2025.??.??"]

1. e4 e5 2. Nf3 Nc6 3. Bb5 Nf6 4. O-O Nxe4 5. Re1 Nd6 6. Nxe5 Be7 7. Bf1 Nxe5 8. Rxe5 O-O 9. Nc3 Bf6 10. Re1 b6 11. d4 Bb7 12. Bf4 Nf5 13. d5 Bg5 14. Qg4 Bxf4 15. Qxf4 Nd6 16. Re3 Re8 17. Rae1 Rxe3 18. Rxe3 Qf6 19. Qxf6 gxf6 20. Bd3 h6 21. Kf1 Kf8 22. Ke2 Re8 23. Rxe8+ Kxe8 24. Ke3 Ke7 25. Kf4 a5 26. a3 Kf8 27. g3 Ke7 28. h4 Kf8 29. b4 axb4 30. axb4 Ke7 31. Kg4 Kf8 32. Bf1 Kg7 33. Kf4 Kg6 34. Bd3+ Kg7 35. Bf5 Bc8 36. Bh3 Kf8 37. Ne4 Nxe4 38. Kxe4 Ke7 39. Kd4 Kd6 40. c4 Bb7 41. Bg2 Ba6 42. Be4 Ke7 43. f4 Bc8 44. Bf5 Bb7 45. g4 Ba6 46. h5 Bb7 47. Ke3 Ba6 48. b5 Bb7 49. Kf3 c6 50. Bxd7 cxb5 51. Bxb5 Bc8 52. Kg3 Kd6 53. Kh4 Ke7 54. g5 hxg5+ 55. fxg5 Bf5 56. d6+ Kxd6 57. gxf6 Ke5 58. Kg5 Be4 59. h6 Kd6 60. Be8 Ke6 61. Bc6 1-0

[Event "BL 2425 Schachfreunde Deizisau - SC Heim"]
[Site "?"]
[Date "2025.01.11"]
[Round "5.6"]
[White "Moussard, Jules"]
[Black "Ferreira, Jorge Viterbo"]
[Result "1/2-1/2"]
[ECO "C79"]
[WhiteElo "2599"]
[BlackElo "2524"]
[PlyCount "40"]
[EventDate "2025.??.??"]

1. e4 e5 2. Nf3 Nc6 3. Bb5 a6 4. Ba4 d6 5. O-O Bd7 6. c3 g6 7. d4 Bg7 8. Re1 b5 9. Bb3 Nf6 10. Nbd2 O-O 11. h3 Re8 12. Bc2 Na5 13. Nf1 c5 14. Ng3 cxd4 15. cxd4 exd4 16. Nxd4 Nc6 17. Nf3 Ne5 18. Bb3 Bc6 19. Nxe5 dxe5 20. Qxd8 Rexd8 1/2-1/2